000 004740000a22001090004500
100 1 _aHill, Jo
245 1 0 _aShop with soul
300 _aVol.0, núm.0 (Marzo-mayo, 2006), Páginas 14-15
520 _aWhat motivates you to spend? Through the eyes of man and woman (in a tongue-in-cheek, gender-stereotyped kinda way) resident Tearfund Agony Aunt tells you how to get more than you bargained for (by playing consumerism at its own game).
773 0 _tTeartimes
942 _cANA
999 _c61208
_d61208